00896nam a22002417a 45000010005000000030006000050050017000110080041000280200015000690400029000840820010001131000020001232450034001432600041001773000044002184900024002625050008002865200255002945210029005495210020005786500027005986500029006258148FISKH20250828132326.0250828b cb ||||| |||| 00| 0 eng d a0553542125 aFISKHbengcFISKHdFISKH a813.5 aStone, Tom B.  aSlime lake /cBy Tom B. Stone aNew York : bA Skylark Book ,c1995. a103 pages : billustrations ;c19 cm .  aGraveyard schoolv7 aP  aMarc and his twin sister Terri always spend the summer at their uncle's isolated lake house. But this year there's something different about the lake. Why is there green gunk everywhere? What is lurking by the lake? And where did Terri disappear to? 8 a650 bLexile estimate 8 aP bRaz-Plus  alake monstersvFiction aSummer vacationvFiction